|
|
|
|
| LEADER |
00000cam a2200000 a 4500 |
| 001 |
vtls008378980 |
| 003 |
SK-MaSNL |
| 005 |
20260425232330.0 |
| 008 |
200507s1949 xo a gr 000 0 slo |
| 015 |
|
|
|a SNBA19191938-005401
|
| 020 |
|
|
|a (brožované)
|
| 035 |
|
|
|a SK01SNKBKSFS20010071197
|
| 035 |
|
|
|a urn:nbn:sk:snk-am3i8ie
|
| 035 |
|
|
|a E07A48F3-4536-49F6-A863-CF2BE4C64E00
|
| 035 |
|
|
|a urn:nbn:sk:snk-am00dxey
|
| 035 |
|
|
|a SKM000073660
|
| 040 |
|
|
|a SNK
|b slo
|c SNK
|e AACR2
|
| 041 |
0 |
|
|a slo
|
| 043 |
|
|
|a e-xo---
|
| 044 |
|
|
|a xo
|c SK
|
| 080 |
|
|
|a 655.41
|2 2011
|
| 080 |
|
|
|a 08/09
|2 2011
|
| 080 |
|
|
|a (083.8)
|2 2011
|
| 080 |
|
|
|a (048.2)
|2 2011
|
| 080 |
|
|
|a (437.6)
|2 2011
|
| 245 |
0 |
0 |
|a Knihy nakladateľstva Pravda
|b nový rok 1949 : (soznam kníh nakladateľstva Pravda)
|
| 260 |
|
|
|a Bratislava
|b Pravda
|c 1949
|e Bratislava
|f Pravda
|
| 300 |
|
|
|a 187 strán
|b ilustrácie
|c 21 cm
|
| 610 |
2 |
7 |
|a Vydavateľstvo Pravda (Bratislava, Slovensko)
|2 SNKKA
|9 57484
|
| 650 |
0 |
7 |
|a nakladateľstvá a vydavateľstvá
|2 SNKPH
|9 2789
|
| 650 |
0 |
7 |
|a knihy
|2 SNKPH
|9 19731
|
| 651 |
|
7 |
|a Bratislava (Slovensko)
|2 SNKPHgeo
|9 14568
|
| 655 |
|
7 |
|a zoznamy
|2 SNKPH
|9 29645
|
| 655 |
|
7 |
|a anotácie
|2 SNKPH
|9 51989
|
| 958 |
|
|
|a RK
|
| 958 |
|
|
|a TL
|
| 958 |
|
|
|a ONDV
|
| 999 |
|
|
|c 736348
|d 738278
|
| 952 |
|
|
|a SNK
|b SNK
|y PREZ
|7 0
|p 17A0826921
|o snkSC 12258
|i snkKSF 1983/58
|8 5
|0 0
|1 0
|4 0
|d 2019-12-12
|f 1
|l 0
|r 2025-07-16 00:00:00
|w 2026-02-23
|